| 000 | 00855 am a2200253ui 4500 | ||
|---|---|---|---|
| 001 | 012687122 | ||
| 005 | 20140302113454.0 | ||
| 008 | 760806t1976 xxka grb 001 0 eng d | ||
| 020 | _a0905269004 | ||
| 040 |
_aUk _cUk |
||
| 043 | _ae-uk--- | ||
| 082 | 0 | 4 |
_a381.0941 _222 _bDAV |
| 100 | 1 |
_aDavies, Ross L. _q(Ross Llewelyn) _935017 |
|
| 245 | 1 | 0 |
_aMarketing geography, with special reference to retailing / _cRoss L. Davies. |
| 260 |
_aCorbridge, United Kingdom : _bRetailing and Planning Associates, _cc.1976. |
||
| 300 |
_axiv, 300 p. : _bill ; _c23 cm. |
||
| 500 | _aIncludes indexes. | ||
| 504 | _aInclude bibliographical references. | ||
| 650 | 0 |
_aMarketing _zGreat Britain _935015 |
|
| 650 | 0 |
_aCentral business districts _zGreat Britain _935016 |
|
| 653 |
_bBUSADM _cFebruary2014 |
||
| 655 |
_vreading book _934232 |
||
| 942 |
_2ddc _k381.0941 DAV |
||
| 999 |
_c18027 _d17999 |
||